000 01198nam a22003617a 4500
001 BR9904516
003 BR-BrBNA
005 20230928100501.0
007 ta
008 230509b bl.||||| |||| 00| 0 por d
040 _aBR-BrBNA
_bpor
_cBiblioteca Nacional de Agricultura
041 _a(Es; Pt)
072 _aE71; E21
090 _ E71 BR9904516
100 1 _aSouza, I.S. de
100 1 _aBelarmino, L.C.(eds.)
110 1 _aUniversidade Federal de Pelotas, RS (Brasil)
_910876
110 1 _aCentro de Pesquisa Agropecuaria de Clima Temperado, Pelotas, RS (Brasil)
110 1 _aIICA, Brasilia, DF (Brasil)
_95552
110 1 _aSociedade de Agronomia do Rio Grande do Sul, Porto Alegre (Brasil)
_99854
111 1 _aAnais do Seminario Estrategia Agroalimentar para o MERCOSUL
_cPelotas, RS (Brazil)
_d1999
245 1 _aAnais do Seminario Estrategia Agroalimentar para o MERCOSUL
260 3 _aPelotas, RS (Brasil):
_c1999.
300 _a136 p.
650 _aComercio Exterior
650 _aImportacao
650 _aExportacao
650 _aIndustria Agricola
650 _aPolitica Agricola
650 _aMERCOSUL
909 _a202309
_bLucia
_c55
_dLucia Elande
942 _cBK
999 _c61502
_d61502